Statistics for Top 10 Most Purchased Books of All Time

Click here to take the quiz!

General Stats

  • This quiz has been taken 19 times
  • The average score is 2 of 10

Answer Stats

HintAnswer% Correct
150The Lord of the Rings
59%
100The Hobbit
53%
107Harry Potter and the Sorcerer's Stone
29%
142The Little Prince
24%
200A Tale of Two Cities
18%
100And Then There Were None
12%
500Don Quixote
12%
85The Lion, the Witch, and the Wardrobe
12%
100She: A History of Adventure
6%
100The Dream of the Red Chamber
6%

Score Distribution

Percentile by Number Answered

Percent of People with Each Score

Your Score History

You have not taken this quiz